00784nam a2200229Ia 4500003000900000008004100009020001800050040001600068080001300084100002000097245017300117250001200290260003300302300001800335650003300353650001900386650001100405700002100416942000700437999001500444952009500459IN-BaIIA211028s9999 xx 000 0 eng d a0-08-026481-6 cIIA Library a535bBOR aBorn, Max91579 0aPrinciples of opticsbelectromagnetic theory of propagation, interference and diffraction of lightcMax Born and Emil Wolf  a6th ed. aOxfordbPergamon Pressc1980 axxviii, 808p. aElectromagnetic theory92899 aNASA Thesaurus aOptics aWolf, Emil93520 cBK c8631d8631 00104070aBANbBANcGENd1986-03-10l0o535/ BORp9504r2021-11-05w1986-03-10yBKG27.5